000
00273nam a22001217a 4500
008
170516b xxu||||| |||| 00| 0 eng d
041
_a
eng
080
_a
94(4(
100
_a
16
101
_a
SHH
245
_a
EUROPE IN THE AGE OF LOUIS
_c
HATTON.R
942
_2
udc
_c
BK
999
_c
13393
_d
13393